000
00243nam a2200097Ia 4500
001
1196419
005
20250827021806.0
008
250824s9999 xx 000 0 und d
245
0
_a
SON YAZ AKŞAMI
_c
SELİM İLERİ
260
_b
EVEREST YAYINLARI
999
_c
1196419
_d
1196419